000 00708nam a2200217Ia 4500
005 20230301111757.0
008 210716s2010 xx 000 0 und d
020 _a9780340990698
040 _cAIMIT LIBRARY
041 _aeng
082 _a158.3
_27
_bHARP
100 _aHarper, Peter S.
_973705
245 _aPractical genetic counselling /
_cBy Peter S Harper
250 _a7th ed.
260 _aLondon :
_bHodder Arnold ,,
_c2010.
300 _aviii,407p. ;
_bPB :
_c23.2 cm
650 _aGeneral Aspects of Genetic Counselling
_973706
650 _aGenetic Counselling :specific Organ System
_973707
650 _aGenetic Counselling : the Wider Picture
_973708
942 _2ddc
_cBK
_e7th
_k158.3 HARP
999 _c196510
_d196510